| 000 -LEADER |
| fixed length control field |
00748cam a2200241Ka 4500 |
| 020 ## - INTERNATIONAL STANDARD BOOK NUMBER |
| ISBN |
0821364766 |
| 020 ## - INTERNATIONAL STANDARD BOOK NUMBER |
| ISBN |
9780821364765 |
| 040 ## - CATALOGING SOURCE |
| Transcribing agency |
VYR |
| 082 04 - DEWEY DECIMAL CLASSIFICATION NUMBER |
| Classification number |
330 WOR 2006 A065 Or. |
| 245 00 - TITLE STATEMENT |
| Title |
Little green data book 2006 / |
| 246 17 - VARYING FORM OF TITLE |
| Title proper/short title |
2006 little green data book |
| 246 18 - VARYING FORM OF TITLE |
| Title proper/short title |
06 the little green data book |
| 260 ## - PUBLICATION, DISTRIBUTION, ETC. (IMPRINT) |
| Place of publication |
Washington, D.C. : |
| Name of publisher |
World Bank, |
| Year of publication |
[2006] |
| 300 ## - PHYSICAL DESCRIPTION |
| Number of Pages |
235 pages ; |
| Dimensions |
22 cm |
| 500 ## - GENERAL NOTE |
| General note |
"From the World Development Indicators"--Cover. |
| 650 #0 - SUBJECT ADDED ENTRY--TOPICAL TERM |
| Topical Term |
Economic history |
| 650 #0 - SUBJECT ADDED ENTRY--TOPICAL TERM |
| Topical Term |
Economic development |
| 650 #0 - SUBJECT ADDED ENTRY--TOPICAL TERM |
| Topical Term |
Economic policy |
| 650 #0 - SUBJECT ADDED ENTRY--TOPICAL TERM |
| Topical Term |
Economic indicators. |
| 710 2# - ADDED ENTRY--CORPORATE NAME |
| Corporate name or jurisdiction name as entry element |
World Bank. |
| 856 41 - ELECTRONIC LOCATION AND ACCESS |
| Uniform Resource Identifier |
http://siteresources.worldbank.org/INTEEI/936214-1146251511077/20916989/LGDB2006.pdf |
| 942 ## - ADDED ENTRY ELEMENTS (KOHA) |
| Koha item type |
សៀវភៅភាសាអង់គ្លេស |
| 952 ## - LOCATION AND ITEM INFORMATION (KOHA) |
| Withdrawn status [LOCAL, KOHA] |
0 |